Estacions fantasma del metro de Barcelona - Estadísticas

Estadísticas generales
  • Esta prueba ha sido intentada 23 veces
  • La puntuación promedio es 2 de 6
Estadísticas de respuestas
Línia Estació % Correcto
L5 Gaudí
83%
L4 Correus
78%
L4 Banc
28%
L3 Ferran
28%
L1 Bordeta
17%
L1 Bordeta Cotxeres
11%
No se encontraron pruebas coincidentes
Distribución de puntuación
Porcentaje de gente con cada puntuación
Porcentaje por número respondido
Historial de tus puntuaciones
No has intentado esta prueba.